[Event "Sevastopol Waltz Blitz"]
[Site "Sevastopol"]
[Date "2023.06.29"]
[Round "2"]
[White "Afanasiev, Nikita"]
[Black "Brusilovskiy, Boris"]
[Result "1-0"]
[WhiteElo "2544"]
[BlackElo "2067"]
[PlyCount "65"]
[EventDate "2023.06.29"]
[EventType "swiss (blitz)"]
[EventRounds "13"]
[EventCountry "UKR"]
[SourceTitle "CBM 215 Extra"]
[Source "ChessBase"]
[SourceDate "2023.09.30"]
[SourceVersion "1"]
[SourceVersionDate "2023.09.30"]
[SourceQuality "1"]

1. Nf3 c5 2. g3 g6 3. Bg2 Bg7 4. 0-0 Nf6 5. Nc3 0-0 6. d3 d5 7. a3 Nc6 8. Rb1 e5 9. b4 cxb4 10. axb4 d4 11. b5 Ne7 12. Na4 Nfd5 13. c4 Nc3 14. Nxc3 dxc3 15. Ng5 Rb8 16. Ne4 f5 17. Nxc3 e4 18. Rb3 Be6 19. dxe4 Qxd1 20. Rxd1 Bxc4 21. Ra3 fxe4 22. Bxe4 Rbd8 23. Rxd8 Rxd8 24. Bg5 Kf7 25. Bxb7 Bxc3 26. Rxc3 Rd1+ 27. Kg2 Bxe2 28. Rc7 Bf1+ 29. Kf3 Re1 30. Be4 Bxb5 31. Rxe7+ Kf8 32. Rxh7 Be2+ 33. Kf4 1-0

[Event "Yalta Yialos Rapid"]
[Site "Yalta"]
[Date "2022.08.02"]
[Round "5"]
[White "Brusilovskiy, Boris"]
[Black "Lugovskoy, Maxim"]
[Result "0-1"]
[WhiteElo "2067"]
[BlackElo "2397"]
[PlyCount "52"]
[EventDate "2022.08.01"]
[EventType "swiss (rapid)"]
[EventRounds "11"]
[EventCountry "UKR"]
[SourceTitle "EXT 2023"]
[Source "ChessBase"]
[SourceDate "2022.10.05"]
[SourceVersion "1"]
[SourceVersionDate "2022.10.05"]
[SourceQuality "1"]

1. e4 e6 2. d4 d5 3. Nc3 Bb4 4. Nge2 dxe4 5. a3 Be7 6. Nxe4 Nf6 7. N2g3 Nc6 8. c3 0-0 9. Bd3 Nxe4 10. Nxe4 e5 11. d5 Nb8 12. h4 f5 13. Ng5 Qxd5 14. Qh5 Bxg5 15. hxg5 Qxd3 16. Qxh7+ Kf7 17. Rh6 Nd7 18. Qg6+ Ke7 19. Qxg7+ Rf7 20. Qg6 Nf8 21. Qg8 Be6 22. Rxe6+ Nxe6 23. Qxa8 Rh7 24. f3 Rh1+ 25. Kf2 Qf1+ 26. Kg3 Qe1# 0-1

[Event "Alushta Rapid op"]
[Site "Alushta"]
[Date "2022.07.04"]
[Round "4"]
[White "Mashinskaya, Iulia"]
[Black "Brusilovskiy, Boris"]
[Result "1/2-1/2"]
[WhiteElo "2215"]
[BlackElo "2067"]
[PlyCount "76"]
[EventDate "2022.07.03"]
[EventType "swiss (rapid)"]
[EventRounds "11"]
[EventCountry "UKR"]
[SourceTitle "CBM 209 Extra"]
[Source "ChessBase"]
[SourceDate "2022.09.30"]
[SourceVersion "1"]
[SourceVersionDate "2022.09.30"]
[SourceQuality "1"]

1. d4 d5 2. Nc3 g6 3. Nf3 Bg7 4. Bf4 a6 5. a4 Nf6 6. e3 0-0 7. h3 c6 8. Be2 Nbd7 9. 0-0 Re8 10. Re1 a5 11. Ne5 Nxe5 12. Bxe5 Be6 13. Bf3 Qb6 14. Rb1 Nd7 15. Bxg7 Kxg7 16. e4 dxe4 17. Nxe4 Rad8 18. c3 Bb3 19. Qe2 Bxa4 20. b4 e5 21. Nd6 Re6 22. bxa5 Qa7 23. Nxb7 exd4 24. Qd2 Rxe1+ 25. Qxe1 Rb8 26. Nd6 Rxb1 27. Qxb1 dxc3 28. Qa2 Ne5 29. Qxa4 Qc5 30. Ne4 c2 31. Nxc5 c1Q+ 32. Kh2 Qxc5 33. a6 Nxf3+ 34. gxf3 Qxf2+ 35. Kh1 Qf1+ 36. Kh2 Qf2+ 37. Kh1 Qf1+ 38. Kh2 Qf2+ 1/2-1/2

[Event "Black Sea GP"]
[Site "Evpatoria"]
[Date "2021.10.22"]
[Round "4"]
[White "Triapishko, Alexandr"]
[Black "Brusilovskiy, Boris"]
[Result "1-0"]
[WhiteElo "2506"]
[BlackElo "2067"]
[PlyCount "45"]
[EventDate "2021.10.19"]
[EventType "swiss"]
[EventRounds "9"]
[EventCountry "UKR"]
[SourceTitle "EXT 2023"]
[Source "ChessBase"]
[SourceDate "2022.10.05"]
[SourceVersion "1"]
[SourceVersionDate "2022.10.05"]
[SourceQuality "1"]

1. c4 d5 2. cxd5 c6 3. dxc6 Nxc6 4. Nc3 e5 5. e3 Nf6 6. a3 Bd6 7. d3 0-0 8. Be2 Be6 9. Nf3 h6 10. 0-0 Rc8 11. Ne4 Bb8 12. b4 Qe7 13. Bb2 Rfd8 14. Nxf6+ Qxf6 15. Rc1 Qg6 16. b5 e4 17. bxc6 exf3 18. Bxf3 bxc6 19. Be4 Qg5 20. f4 Qb5 21. Rb1 Ba2 22. Qg4 g6 23. Bxg6 1-0

[Event "Kerch Panticapaeum Rapid op"]
[Site "Kerch"]
[Date "2021.09.21"]
[Round "3"]
[White "Zakaryan, David"]
[Black "Brusilovskiy, Boris"]
[Result "1-0"]
[WhiteElo "2304"]
[BlackElo "2067"]
[PlyCount "45"]
[EventDate "2021.09.21"]
[EventType "swiss (rapid)"]
[EventRounds "9"]
[EventCountry "RUS"]
[SourceTitle "CBM 204 Extra"]
[Source "ChessBase"]
[SourceDate "2021.11.30"]
[SourceVersion "1"]
[SourceVersionDate "2021.11.30"]
[SourceQuality "1"]

1. Nf3 Nf6 2. c4 c5 3. Nc3 Nc6 4. g3 g6 5. Bg2 Bg7 6. 0-0 0-0 7. d4 cxd4 8. Nxd4 Qb6 9. Nc2 d6 10. b3 Bf5 11. Bb2 Rfe8 12. Ne3 Be6 13. Qd2 Qa5 14. Rfd1 Qh5 15. Ncd5 Bxd5 16. cxd5 Ne5 17. h3 Bh6 18. f4 Ned7 19. g4 Qh4 20. g5 Bxg5 21. fxg5 Qxg5 22. Ng4 Nxg4 23. Bf1 1-0

[Event "Sevastopol Waltz Blitz"]
[Site "Sevastopol"]
[Date "2021.08.28"]
[Round "2"]
[White "Kryakvin, Dmitry"]
[Black "Brusilovskiy, Boris"]
[Result "1-0"]
[WhiteElo "2570"]
[BlackElo "2067"]
[PlyCount "52"]
[EventDate "2021.08.28"]
[EventType "swiss (blitz)"]
[EventRounds "13"]
[EventCountry "UKR"]
[SourceTitle "CBM 204 Extra"]
[Source "ChessBase"]
[SourceDate "2021.11.30"]
[SourceVersion "1"]
[SourceVersionDate "2021.11.30"]
[SourceQuality "1"]

1. d4 d5 2. c4 c5 3. Nf3 Nf6 4. cxd5 cxd4 5. Qxd4 Qxd5 6. Nc3 Qa5 7. Qe5 Qxe5 8. Nxe5 Nbd7 9. Nc4 a6 10. g3 b5 11. Na5 e5 12. Bg2 Rb8 13. 0-0 Bd6 14. Be3 Bc5 15. Nc6 Bxe3 16. Nxb8 Bb6 17. Bc6 0-0 18. Nxd7 Nxd7 19. Nd5 Bc5 20. Rac1 Bd4 21. Ne7+ Kh8 22. Nxc8 Nb8 23. Bd5 Bxb2 24. Rc7 f6 25. Nd6 h6 26. Nf5 e4 1-0

[Event "UKR-chT Clubs"]
[Site "Alushta"]
[Date "2011.05.19"]
[Round "7.4"]
[White "Brusilovskiy, Boris"]
[Black "Onischuk, Vladimir"]
[Result "1/2-1/2"]
[WhiteElo "2081"]
[BlackElo "2498"]
[PlyCount "56"]
[EventDate "2011.05.13"]
[EventType "team-tourn"]
[EventRounds "9"]
[EventCountry "UKR"]
[SourceTitle "CBM 142 Extra"]
[Source "ChessBase"]
[SourceDate "2011.06.27"]
[SourceVersion "1"]
[SourceVersionDate "2011.06.27"]
[SourceQuality "1"]
[WhiteTeam "Crimea Stars"]
[BlackTeam "Kharkov Law Academy"]
[WhiteTeamCountry "UKR"]
[BlackTeamCountry "UKR"]

1. e4 g6 2. d4 Bg7 3. Nf3 d6 4. Bc4 Nf6 5. Nc3 0-0 6. Bb3 c6 7. h3 Qc7 8. 0-0 e5 9. Be3 Qe7 10. Qd2 Nbd7 11. Rad1 a5 12. a4 Ne8 13. Bg5 Nef6 14. Rfe1 Re8 15. Kh1 Nf8 16. d5 c5 17. Nb5 b6 18. Nh2 Ba6 19. Na3 Qd7 20. Ra1 Nh5 21. Bc4 Bxc4 22. Nxc4 Rab8 23. Ng4 Nf4 24. Bxf4 exf4 25. Qxf4 Rbd8 26. Nxb6 Qb7 27. Nc4 Qa6 28. b3 Bxa1 1/2-1/2

[Event "UKR-chT Clubs"]
[Site "Alushta"]
[Date "2011.05.18"]
[Round "6.4"]
[White "Sevostianov, Pavel"]
[Black "Brusilovskiy, Boris"]
[Result "1/2-1/2"]
[WhiteElo "2277"]
[BlackElo "2081"]
[PlyCount "57"]
[EventDate "2011.05.13"]
[EventType "team-tourn"]
[EventRounds "9"]
[EventCountry "UKR"]
[SourceTitle "CBM 142 Extra"]
[Source "ChessBase"]
[SourceDate "2011.06.27"]
[SourceVersion "1"]
[SourceVersionDate "2011.06.27"]
[SourceQuality "1"]
[WhiteTeam "Crimea Gaz"]
[BlackTeam "Crimea Stars"]
[WhiteTeamCountry "UKR"]
[BlackTeamCountry "UKR"]

1. Nf3 Nf6 2. g3 g6 3. Bg2 Bg7 4. c4 0-0 5. 0-0 c6 6. d4 d5 7. Qb3 dxc4 8. Qxc4 Be6 9. Qb4 Qb6 10. Qxe7 Re8 11. Qa3 Bc4 12. Nc3 Bxe2 13. Nxe2 Rxe2 14. Qd3 Qa6 15. Qb3 Nbd7 16. Rd1 Re7 17. Bd2 Nd5 18. Bf1 Qb6 19. Qa3 Qc7 20. Rac1 N7f6 21. b4 Qd6 22. Qb3 a6 23. Rc2 Ne4 24. Be1 Rae8 25. a4 Ng5 26. Ne5 Bxe5 27. dxe5 Rxe5 28. Bc3 Nf3+ 29. Kg2 1/2-1/2

[Event "UKR-chT qual. group 2 16th"]
[Site "Alushta"]
[Date "2009.05.22"]
[Round "2"]
[White "Brodsky, Michail"]
[Black "Brusilovskiy, Boris"]
[Result "1-0"]
[WhiteElo "2524"]
[BlackElo "2103"]
[PlyCount "41"]
[EventDate "2009.05.21"]
[EventType "team-tourn"]
[EventRounds "5"]
[EventCountry "UKR"]
[SourceTitle "EXT 2019"]
[Source "ChessBase"]
[SourceDate "2018.10.10"]
[SourceVersion "1"]
[SourceVersionDate "2018.10.10"]
[SourceQuality "1"]
[WhiteTeam "Kharkov Law Academy"]
[BlackTeam "Simferopol Twinkle Chess"]
[WhiteTeamCountry "UKR"]
[BlackTeamCountry "UKR"]

1. d4 d5 2. c4 c5 3. cxd5 Nf6 4. e4 Nxe4 5. dxc5 Qa5+ 6. Bd2 Nxd2 7. Qxd2 Qxd2+ 8. Nxd2 g6 9. Rc1 Bd7 10. Ngf3 Bg7 11. b4 0-0 12. b5 Re8 13. c6 bxc6 14. dxc6 Bf5 15. Nb3 Bb2 16. Rc4 e5 17. Be2 Bb1 18. a4 e4 19. Nfd4 Bd3 20. Bxd3 exd3+ 21. Kd2 1-0

[Event "UKR-chT 15th"]
[Site "Alushta"]
[Date "2008.05.26"]
[Round "7.1"]
[White "Brusilovskiy, Boris"]
[Black "Iljin, Timofey"]
[Result "1/2-1/2"]
[WhiteElo "2103"]
[BlackElo "2440"]
[PlyCount "264"]
[EventDate "2008.05.21"]
[EventType "team-tourn"]
[EventRounds "9"]
[EventCountry "UKR"]
[SourceTitle "EXT 2019"]
[Source "ChessBase"]
[SourceDate "2018.10.10"]
[SourceVersion "1"]
[SourceVersionDate "2018.10.10"]
[SourceQuality "1"]
[WhiteTeam "Simferopol Burevisnyk"]
[BlackTeam "Donetsk region"]
[WhiteTeamCountry "UKR"]
[BlackTeamCountry "UKR"]

1. e4 c5 2. Nf3 Nc6 3. d4 cxd4 4. Nxd4 Nf6 5. Nc3 e5 6. Ndb5 d6 7. Bg5 a6 8. Na3 b5 9. Nd5 Be7 10. Bxf6 Bxf6 11. Bd3 Bg5 12. c3 Ne7 13. Nxe7 Qxe7 14. 0-0 0-0 15. Nc2 f5 16. f3 Bb7 17. Qe2 d5 18. exd5 Qc5+ 19. Kh1 Rae8 20. a4 Bxd5 21. Nb4 Bb7 22. axb5 a5 23. Nc6 Bxc6 24. bxc6 Rd8 25. Bb5 Kh8 26. Rxa5 e4 27. fxe4 fxe4 28. Rxf8+ Rxf8 29. Ra1 h6 30. Qc4 Qe5 31. c7 Rc8 32. Bd7 Rxc7 33. Ra8+ Kh7 34. Qg8+ Kg6 35. Be8+ Kf5 36. Qh7+ Kg4 37. Ra4 Kf4 38. Bg6 Rd7 39. g3+ Kf3 40. Bxe4+ Kf2 41. Ra1 Re7 42. Qf5+ Qxf5 43. Bxf5 Re2 44. Rb1 Bf6 45. Bg6 Rd2 46. Rg1 Ke3 47. Re1+ Kf2 48. Rg1 Rd6 49. Rg2+ Ke3 50. Rc2 Bg5 51. h4 Bd8 52. Bh5 Bb6 53. Kg2 Rf6 54. Re2+ Kd3 55. Bf3 Be3 56. Bg4 Rb6 57. h5 Bd2 58. Re7 Rxb2 59. Be2+ Kxc3 60. Rxg7 Kd4 61. Kf3 Ke5 62. Re7+ Kf6 63. Rd7 Bg5 64. Rd6+ Ke5 65. Rd3 Be7 66. Rc3 Bd6 67. Re3+ Kf6 68. Bc4 Be5 69. g4 Rc2 70. Bd3 Ra2 71. Bf5 Ra4 72. Rb3 Bd6 73. Rd3 Bc5 74. Rc3 Bd6 75. Rd3 Be5 76. Rb3 Kg5 77. Rb6 Rf4+ 78. Ke2 Bf6 79. Rc6 Rb4 80. Ra6 Rb8 81. Rc6 Rf8 82. Kf3 Ra8 83. Ke4 Ra5 84. Kd3 Re5 85. Ra6 Re8 86. Rc6 Rf8 87. Ke4 Rd8 88. Ra6 Rd4+ 89. Ke3 Rb4 90. Rc6 Be5 91. Rg6+ Kh4 92. Be4 Bb2 93. Bf5 Kg3 94. Kd3 Bc1 95. Re6 Bf4 96. Re4 Rb3+ 97. Kc4 Rb2 98. Re6 Rd2 99. Re4 Kf3 100. Re6 Rd8 101. Re4 Be3 102. Re7 Rd4+ 103. Kc3 Ke2 104. Rd7 Ra4 105. Rd5 Ra3+ 106. Kc4 Ra1 107. Rd7 Ra4+ 108. Kc3 Ra1 109. Rd5 Ra7 110. Bd3+ Kf3 111. Bf5 Bg5 112. Rd7 Ra6 113. Kc4 Ra1 114. Kd5 Kf4 115. Rb7 Ra5+ 116. Ke6 Ra6+ 117. Kd5 Bf6 118. Rb5 Be7 119. Rb7 Rd6+ 120. Kc4 Bf6 121. Rd7 Ra6 122. Rd1 Be5 123. Rf1+ Kg5 124. Bd7 Bf4 125. Bf5 Rd6 126. Re1 Rc6+ 127. Kd5 Rd6+ 128. Kc5 Rd2 129. Re6 Rd1 130. Re4 Bd6+ 131. Kc6 Bf4 132. Re6 Rd8 1/2-1/2